Benefc̕ios previdencir̀ios por incapacidade

Detalles Bibliográficos
Autor principal: Raposo Sime̳s, Odair
Formato: eBook
Lenguaje:portugués
Publicado: San Pablo: Editora NELPA, 2014
Materias:
Acceso en línea:Acceso restringido

MARC

LEADER 00000nam a22000007a 4500
005 20150409005516.0
007 cr|||| ||||
008 150409s2014 br |||||s|||| 00||0 por d
020 |a 978-85-8020-421-6 
035 |a 12668 
040 |a vLex 
090 |c 5406  |d 5406 
100 1 |a Raposo Sime̳s, Odair 
245 1 0 |a Benefc̕ios previdencir̀ios por incapacidade  |h [Recurso electrn̤ico] /  |c Odair Raposo Sime̳s 
256 |a Servicio en ln̕ea 
260 |a San Pablo:  |b Editora NELPA,  |c 2014 
300 |a 1 recurso electrn̤ico 
506 1 |a Disponible solo en los productos indicados  |d vLex Global  |d vLex Global (Academic Edition, excluding Law Schools)  |d vLex Global (U.S. Academic Edition, Law Schools)  |d vLex Global (U.S. Academic Edition, excluding Law Schools)  |d vLex Global (Academic Edition, Law Schools) 
650 0 4 |a Derecho Civil  |z Brasil 
740 0 |a vLex Libros (Servicio en ln̕ea) 
856 4 0 |u http://vlex.com/source/beneficios-previdenciarios-por-incapacidade-12668  |z Acceso restringido 
942 |c BOOK 
999 0 |a Civil Law